01448nam a2200289 a 450000100060000000300080000600500170001400800410003103500290007204000450010104100080014608200180015410000380017224501130021026000630032330000250038649000900041150400500050165000230055165000340057483000980060894200120070699900170071895201440073595201440087995201350102333620BD-RjUL20211209052032.0140510r19671958enk b 001 0 eng c a(BD-RjUL)33711a58-03472 aWisconsin. Univ. LibrcITDdBD-RjULbeng aeng a301bSTS 19671 aStark, Wernerd1909-1985.910205714aThe sociology of knowledge :ban essay in aid of a deeper understanding of the history of ideas /cW. Stark. aLondon :bRoutledge & Kegan Paul,c1958 [Impression 1967]. axi, 356 p. ;c22 cm.1 aInternational library of sociology and social reconstruction / Routledge & Kegan Paul aIncludes bibliographical footnotes and index. 0aSociology.9102058 0aKnowledge, Theory of.9102059 0aInternational library of sociology and social reconstruction (Routledge & Kegan Paul)9102064 2ddccBK c33620d33620 00102ddc40708NFICaRUCLbRUCLcStackd1955-02-02eSweets & Zaitlingerg36.00l0o301 STS 1967r2014-05-10 00:00:00tC-3w2021-12-09yBK 00102ddc40708NFICaRUCLbRUCLcStackd1968-05-11eSweets & Zeitlingerg36.00l0o301 STS 1967r2014-05-11 00:00:00tC-2w2021-12-09yBK 00102ddc40708NFICaRUCLbRUCLcStackd0000-00-00eZeitlingerg30.00l0o301 STS 1967r2016-08-03 00:00:00tC-4w2021-12-09yBK